000 00987nam a2200265 i 4500
001 bg
003 BPK
005 20200511123842.0
008 970629s1990 pl a f f |000 0 pol
015 _aPB 1991/7844
040 _aWA N
_cBPK
080 _a624.15
080 _a(075.8)
100 1 _aMotak, Edward
_eAutor
245 1 0 _aFundamentowanie.
_nCz. 2,
_pTablice i nomogramy /
_cEdward Motak.
260 _aRzeszów :
_bPolitechnika Rzeszowska im. Ignacego Łukasiewicza,
_c1990.
300 _a87 s. :
_brys., wykr. ;
_c24 cm.
504 _aBibliogr. s. 86-87.
521 _aDla studentów Wydz. Budownictwa i Inżynierii Środowiska do przedmiotu Mechanika gruntów i fundamentowanie.
655 4 _aPodręczniki akademickie
650 4 _aFundamenty
710 2 _aPolitechnika Rzeszowska im. Ignacego Łukasiewicza
_4pbl.
856 _uhttp://koha.tu.koszalin.pl/cgi-bin/koha/opac-detail.pl?biblionumber=4315
_yKatalog online BPK
942 _2UKD
_cKS
999 _c4315
_d4315